[Event "Havana Guines"]
[Site "Havana"]
[Date "2000.??.??"]
[Round "6"]
[White "Sanchez Cabrera, Circe"]
[Black "Toledo Saldivar, Wilfredo"]
[Result "1/2-1/2"]
[WhiteElo "2100"]
[BlackElo "2155"]
[PlyCount "64"]
[EventDate "2000.??.??"]
[EventType "tourn"]
[EventRounds "9"]
[EventCountry "CUB"]
[SourceTitle "EXT 2003"]
[Source "ChessBase"]
[SourceDate "2002.11.25"]
[SourceVersion "1"]
[SourceVersionDate "2002.11.25"]
[SourceQuality "1"]

1. e4 e5 2. Nf3 Nf6 3. Nc3 Bb4 4. Bc4 d6 5. h3 Nbd7 6. d3 h6 7. 0-0 0-0 8. Ne2 c6 9. c3 Ba5 10. Ng3 d5 11. Bb3 Bc7 12. Qe2 Re8 13. Rd1 Nf8 14. Nf5 Bxf5 15. exf5 e4 16. dxe4 Nxe4 17. Be3 Qf6 18. Nd4 Qe5 19. Qf3 Qh2+ 20. Kf1 Nd2+ 21. Rxd2 Qh1+ 22. Ke2 Qxa1 23. f6 Ne6 24. Bd1 Qb1 25. Bc2 Nf4+ 26. Qxf4 Bxf4 27. Bxb1 g6 28. Kf3 Bxe3 29. fxe3 Rad8 30. e4 dxe4+ 31. Bxe4 Rd6 32. Bc2 Rxf6+ 1/2-1/2

[Event "Havana Guines"]
[Site "Havana"]
[Date "2000.??.??"]
[Round "3"]
[White "Toledo Saldivar, Wilfredo"]
[Black "Diaz, Dagoberto"]
[Result "0-1"]
[WhiteElo "2155"]
[BlackElo "2145"]
[PlyCount "68"]
[EventDate "2000.??.??"]
[EventType "tourn"]
[EventRounds "9"]
[EventCountry "CUB"]
[SourceTitle "EXT 2003"]
[Source "ChessBase"]
[SourceDate "2002.11.25"]
[SourceVersion "1"]
[SourceVersionDate "2002.11.25"]
[SourceQuality "1"]

1. e4 c5 2. Nf3 Nc6 3. d4 cxd4 4. Nxd4 e5 5. Nb5 d6 6. c4 Be7 7. N1c3 a6 8. Na3 Be6 9. Nc2 Rc8 10. Be2 Bg5 11. 0-0 Bxc1 12. Rxc1 Nge7 13. Nd5 0-0 14. Qd2 Ng6 15. Bh5 Bxd5 16. cxd5 Nce7 17. Bxg6 Nxg6 18. Ne3 Nf4 19. g3 Qg5 20. Kh1 Ng6 21. Nc4 Qf6 22. f3 h5 23. Qe2 h4 24. Qe3 Qe7 25. Qb6 hxg3 26. hxg3 Qg5 27. Qf2 f5 28. exf5 Rxf5 29. Ne3 Rff8 30. Rxc8 Rxc8 31. Ng2 Ne7 32. Ne3 Nf5 33. Nxf5 Qxf5 34. Rd1 Rc2 0-1

[Event "Havana Provincial-B"]
[Site "Havana"]
[Date "1999.??.??"]
[Round "?"]
[White "Diaz, Dagoberto"]
[Black "Toledo Saldivar, Wilfredo"]
[Result "1-0"]
[WhiteElo "2210"]
[BlackElo "2055"]
[PlyCount "65"]
[EventDate "1999.??.??"]
[EventType "tourn"]
[EventRounds "14"]
[EventCountry "CUB"]
[SourceTitle "EXT 2000"]
[Source "ChessBase"]
[SourceDate "1999.11.16"]
[SourceVersion "1"]
[SourceVersionDate "1999.11.16"]
[SourceQuality "1"]

1. d4 d5 2. Bg5 c6 3. e3 Qb6 4. Bd3 e6 5. Nf3 Nd7 6. Nbd2 Ngf6 7. 0-0 Be7 8. c4 0-0 9. Ne5 c5 10. cxd5 exd5 11. Nxd7 Bxd7 12. Bxf6 Bxf6 13. Qh5 g6 14. Qxd5 Bc6 15. Qd6 Bg7 16. Nc4 Qb4 17. Qxc5 Qxc5 18. dxc5 Bb5 19. Rfd1 Rfd8 20. Nd6 Bxd3 21. Rxd3 Bxb2 22. Rb1 Be5 23. Rxb7 Rab8 24. Rxb8 Rxb8 25. f4 Bf6 26. Rb3 Rxb3 27. axb3 Be7 28. e4 Kf8 29. e5 f6 30. Kf2 fxe5 31. fxe5 Bg5 32. Kf3 Ke7 33. c6 1-0

[Event "Havana Provincial-B"]
[Site "Havana"]
[Date "1999.??.??"]
[Round "?"]
[White "Hernandez Carmenates, Holden"]
[Black "Toledo Saldivar, Wilfredo"]
[Result "1-0"]
[WhiteElo "2325"]
[BlackElo "2055"]
[PlyCount "69"]
[EventDate "1999.??.??"]
[EventType "tourn"]
[EventRounds "14"]
[EventCountry "CUB"]
[SourceTitle "EXT 2000"]
[Source "ChessBase"]
[SourceDate "1999.11.16"]
[SourceVersion "1"]
[SourceVersionDate "1999.11.16"]
[SourceQuality "1"]

1. e4 c5 2. Nf3 Nc6 3. d4 cxd4 4. Nxd4 g6 5. c4 Bg7 6. Be3 Nf6 7. Nc3 Ng4 8. Qxg4 Nxd4 9. Qd1 Ne6 10. Rc1 d6 11. Bd3 0-0 12. Qd2 Nc5 13. Bb1 f5 14. 0-0 a5 15. Rfe1 Nd7 16. Bg5 Nf6 17. exf5 Bxf5 18. Bxf5 gxf5 19. Re6 Qd7 20. Rce1 Rae8 21. f4 Kh8 22. R6e3 Qc6 23. Qd3 Ng4 24. h3 Nxe3 25. Rxe3 e5 26. Kh2 e4 27. Qe2 Bd4 28. Rg3 a4 29. Nd5 b5 30. Qh5 Qxc4 31. Bf6+ Bxf6 32. Nxf6 Re7 33. Qh6 Qf7 34. Nxh7 Qxh7 35. Qxf8+ 1-0

[Event "Havana Provincial-B"]
[Site "Havana"]
[Date "1999.??.??"]
[Round "?"]
[White "Toledo Saldivar, Wilfredo"]
[Black "Suri, Alberto"]
[Result "1/2-1/2"]
[WhiteElo "2055"]
[BlackElo "2305"]
[PlyCount "48"]
[EventDate "1999.??.??"]
[EventType "tourn"]
[EventRounds "14"]
[EventCountry "CUB"]
[SourceTitle "EXT 2000"]
[Source "ChessBase"]
[SourceDate "1999.11.16"]
[SourceVersion "1"]
[SourceVersionDate "1999.11.16"]
[SourceQuality "1"]

1. e4 c5 2. Nf3 d6 3. Bb5+ Nc6 4. d4 cxd4 5. Qxd4 Bd7 6. Bxc6 Bxc6 7. c4 Nf6 8. Nc3 g6 9. 0-0 Bg7 10. Qd3 0-0 11. Nd4 Nd7 12. Be3 Ne5 13. Qe2 Bd7 14. h3 Rc8 15. b3 f5 16. exf5 gxf5 17. f4 Ng6 18. Rad1 a6 19. a4 e5 20. fxe5 Bxe5 21. Nd5 Qh4 22. Nf3 Qh5 23. Nd4 Qh4 24. Nf3 Qh5 1/2-1/2